书目信息 |
| 题名: |
101条建议:让你远离急诊室
|
|
| 作者: | 克埃尔则克博士 | |
| 分册: | ||
| 出版信息: | 上海 上海社会科学院出版社 2016.04 |
|
| 页数: | 231页 | |
| 开本: | 20cm | |
| 丛书名: | ||
| 单 册: | ||
| 中图分类: | R459.7 | |
| 科图分类: | ||
| 主题词: | 治疗学 | |
| 电子资源: | ||
| ISBN: | 7-5192-0557-6 | |
| 000 | 00675nam0 2200217 450 | |
| 001 | 2364 | |
| 005 | 20161205103916.92 | |
| 010 | @a7-5192-0557-6@dCNY29.80 | |
| 100 | @a20150808d2016 km y0chiy0120 ea | |
| 101 | 0 | @achi |
| 102 | @aCN@b310000 | |
| 102 | @aCN@b710000 | |
| 200 | 1 | @a101条建议:让你远离急诊室@A101 tiao jian yi:rang ni yuan li ji zhen shi@f克埃尔则克博士@Fke ai er ze ke bo shi |
| 210 | @a上海@c上海社会科学院出版社@d2016.04 | |
| 215 | @a231页@d20cm | |
| 330 | @a急救·基本知识 | |
| 606 | 0 | @a治疗学 |
| 690 | @aR459.7@v4 | |
| 701 | 0 | @a克埃尔则克博士@Ake ai er ze ke bo shi |
| 801 | 0 | @aCN@b大连网信软件有限公司图书馆·11@c20161205 |
| 905 | @aZUCC@dR459.7@e102 | |
| 101条建议:让你远离急诊室/克埃尔则克博士.-上海:上海社会科学院出版社,2016.04 |
| 231页;20cm |
| ISBN 7-5192-0557-6:CNY29.80 |
| 急救·基本知识 |
| ● |
| 相关链接 |
|
|
|
|
正题名:101条建议:让你远离急诊室
索取号:R459.7/102
 
预约/预借
| 序号 | 登录号 | 条形码 | 馆藏地/架位号 | 状态 | 备注 |
| 1 | 910761 | 209107615 | 第二样本阅览室/ [索取号:R459.7/102] | 在馆 | |
| 2 | 910762 | 209107624 | 第三借阅区/ [索取号:R459.7/102] | 在馆 | |
| 3 | 910763 | 209107633 | 第三借阅区/ [索取号:R459.7/102] | 在馆 | |
| 4 | 910764 | 209107642 | 第三借阅区/ [索取号:R459.7/102] | 在馆 | |
| 5 | 910765 | 209107651 | 第三借阅区/ [索取号:R459.7/102] | 在馆 |